00863cam a2200217 a 45000010009000000050017000090080041000260200015000670500022000821000021001042450062001252500012001872600034001993000034002334400032002675000031002996500052003308560098003828560090004808560075005701291192720250506121640.0020830s2002 nyua bf 001 0 eng  a047122282800aHD31b.A6456 20021 aArgenti, Paul A.14aThe fast forward MBA pocket reference /cPaul A. Argenti. a2nd ed. aNew York :bJ. Wiley,cc2002. axvi, 352 p. :bill. ;c23 cm. 4aThe fast forward MBA series a"The portable MBA"--Cover. 0aIndustrial managementvHandbooks, manuals, etc.423Contributor biographical informationuhttp://www.loc.gov/catdir/bios/wiley043/2002511949.html423Publisher descriptionuhttp://www.loc.gov/catdir/description/wiley036/2002511949.html413Table of contentsuhttp://www.loc.gov/catdir/toc/fy032/2002511949.html